| 000 | 00382 a2200145 4500 | ||
|---|---|---|---|
| 001 | 166875 | ||
| 020 | _a | ||
| 040 | _cMagnum | ||
| 100 | _aBienfait, Marcel | ||
| 240 | 1 | 0 |
_aBases elementares tecnicas de terapia manual e osteopatia _lpor |
| 245 | 1 | 0 | _aBases elementares tecnicas de terapia manual e osteopatia |
| 362 | 0 | _a1899 | |
| 697 | _aCIENCIAS MEDICAS SAUDE | ||
| 942 | _cBK | ||
| 999 |
_c166875 _d166875 |
||